000 01128naa a2200301 c 4500
001 42594
003 ES-MaCES
005 20141221114212.0
008 120409n2010 sp t 000 | spa d
035 _aCES20120002046v
040 _aES-MaCES
_bspa
_cES-MaCES
100 1 _aFerruz Agudo, Luis
_912086
245 1 3 _aEl nuevo modelo de informe anual de gobierno corporativo español
_b: implicaciones prácticas
_cLuis Ferruz, Isabel Marco Sanjuán, Isabel Acero Fraile
500 _aResumen en español e inglés
504 _aBibliografía: p. 79-82
650 4 _a2006
_931838
650 4 _aEspaña
_926964
650 4 _asociedades anónimas laborales
_931654
650 4 _ainforme
_928986
650 4 _agobierno
_927210
653 1 0 _aCiencias Sociales-Políticas
700 1 _aAcero Fraile, Isabel
_95564
700 1 _aMarco Sanjuán, Isabel
_917479
773 0 _tRevista de responsabilidad social de la empresa
_gv. 2, n. 2 (mayo-ag. 2010){55/1102 R. 080517}; p. 55-82
_w(ES-MaCES)26052
_980027
902 _aART Artículo de revista
942 _2CES
_cAR
_h7.0.
999 _c42594
_d42594